Modern differential equations (Record no. 72736)
[ view plain ]
| 000 -LEADER | |
|---|---|
| fixed length control field | 00502nam a2200169 4500 |
| 020 ## - INTERNATIONAL STANDARD BOOK NUMBER | |
| International Standard Book Number | 0030287049 |
| 082 ## - DEWEY DECIMAL CLASSIFICATION NUMBER | |
| Classification number | 515.35 |
| Item number | ABE |
| 100 ## - MAIN ENTRY--PERSONAL NAME | |
| Personal name | Abell,Martha L. |
| 245 ## - TITLE STATEMENT | |
| Title | Modern differential equations |
| Statement of responsibility, etc. | Martha L. Abell and James P. Braselton |
| 250 ## - EDITION STATEMENT | |
| Edition statement | 2nd ed. |
| 260 ## - PUBLICATION, DISTRIBUTION, ETC. | |
| Place of publication, distribution, etc. | Newyork |
| Name of publisher, distributor, etc. | Harcourt College Publishers |
| Date of publication, distribution, etc. | c2001 |
| 300 ## - PHYSICAL DESCRIPTION | |
| Extent | 1v(various pagings).:ill.; 28 cm. |
| 650 ## - SUBJECT ADDED ENTRY--TOPICAL TERM | |
| Topical term or geographic name entry element | Differential Equations |
| 650 ## - SUBJECT ADDED ENTRY--TOPICAL TERM | |
| Topical term or geographic name entry element | First-order Equations |
| 650 ## - SUBJECT ADDED ENTRY--TOPICAL TERM | |
| Topical term or geographic name entry element | Calculus |
| 710 ## - ADDED ENTRY--CORPORATE NAME | |
| Corporate name or jurisdiction name as entry element | Braselton, James P. |
| Withdrawn status | Lost status | Damaged status | Not for loan | Collection code | Home library | Current library | Date acquired | Total Checkouts | Total Renewals | Full call number | Barcode | Date last seen | Date last checked out | Copy number | Price effective from | Koha item type |
|---|---|---|---|---|---|---|---|---|---|---|---|---|---|---|---|---|
| North Eastern Hill University | North Eastern Hill University | 25/11/2011 | 2 | 1 | 515.35 ABE | 220575 | 02/07/2024 | 02/07/2024 | ,1 | 25/11/2011 | Books |
